| 000 | 00619nam a2200205Ia 4500 | ||
|---|---|---|---|
| 005 | 20260601193301.0 | ||
| 008 | 260601s9999||||xx |||||||||||||| ||und|| | ||
| 020 |
_a978-981-96-0617-7 _qebk |
||
| 100 | _aKazuhiro Ogata | ||
| 245 | 0 | _aFormal Methods and Software Engineering | |
| 250 | _a2024 | ||
| 260 |
_aHeidelberg, Germany _bSpringer Nature _c2024 |
||
| 440 | _aLecture Notes in Computer Science | ||
| 650 | _aComputer Science | ||
| 700 | _aDominique Mery | ||
| 700 | _aMeng Sun | ||
| 700 | _aShaoying Liu | ||
| 856 | _uhttps://link.springer.com/openurl?genre=book&isbn=978-981-96-0617-7 | ||
| 942 |
_cEB _2ddc |
||
| 999 |
_c57017 _d57017 |
||